01110nam a2200313 i 45000010005000000030009000050050017000140080039000310400042000700460009001120800013001212450114001342500012002482600056002603000034003163800016003503880014003663880014003804900050003945040034004446500016004786500020004946580016005147000030005307000047005607100042006078300050006498560097006997791KOSZ 00520220526104900.0170522s1968 pl a f 001 0 pol cKOSZ 005/RWdKOSZ 005/RWdKOSZ 005/HR k1968 a159.9.01 0aMetody badań psychologicznych.nT. 1 /cpod red. Lidii Wołoszynowej ; [napisali Teresa Ciecierska et al.]. aWyd. 2. aWarszawa :bPaństwowe Wydawnictwo Naukowe,c1968. a500, [2] s. :bil. ;c25 cm. aKsiążki a1901-2000 a1945-19891 aMateriały do nauczania psychologii. Seria 3. aBibliogr. przy rozdz. Indeks. 7aPsychologia 7aMetody badawcze aPsychologia1 aCiecierska, TeresaeAutor1 aWołoszynowa, Lidiad(1911-2000)eRedakcja2 aPaństwowe Wydawnictwo Naukowe4pbl. 0aMateriały do nauczania psychologii.nSeria 3 uhttp://koha.tu.koszalin.pl/cgi-bin/koha/opac-detail.pl?biblionumber=7791yKatalog online BPK